[Event "DEM U18 2018"]
[Site "Willingen GER"]
[Date "2018.05.20"]
[Round "2"]
[White "Niermann, Tristan"]
[Black "Lagunow, Raphael"]
[Result "0-1"]
[Termination "normal"]
[Board "2"]
[WhiteTitle "FM"]
[BlackTitle "FM"]
[WhiteElo "2327"]
[BlackElo "2387"]
[WhiteClock "00:31:02"]
[BlackClock "00:44:41"]
[PlyCount "60"]
[WhiteFideId "12990698"]
[BlackFideId "24652644"]
[EventCountry "GER"]
[EventRounds "9"]
[EventType "swiss"]
[EventDate "2018.05.19"]

1. d4 {[%clk 1:30:56]} 1... Nf6 {[%clk 1:30:53]} 2. c4 {[%clk 1:31:19]} 2... e6
{[%clk 1:31:18]} 3. g3 {[%clk 1:31:34]} 3... d5 {[%clk 1:31:41]} 4. Nf3 { [%clk
1:31:55]} 4... Be7 {[%clk 1:31:55]} 5. Bg2 {[%clk 1:32:17]} 5... O-O { [%clk
1:32:15]} 6. O-O {[%clk 1:32:41]} 6... c6 {[%clk 1:32:43]} 7. Qc2 { [%clk
1:33:02]} 7... b6 {[%clk 1:33:06]} 8. Nbd2 {[%clk 1:33:20]} 8... Bb7 { [%clk
1:33:25]} 9. e4 {[%clk 1:33:30]} 9... Na6 {[%clk 1:33:49]} 10. a3 { [%clk
1:30:56]} 10... c5 {[%clk 1:28:56]} 11. exd5 {[%clk 1:26:12]} 11... exd5 {[%clk
1:29:14]} 12. dxc5 {[%clk 1:24:15]} 12... Nxc5 {[%clk 1:25:58]} 13. Rd1 {[%clk
1:17:41]} 13... Qc8 {[%clk 1:19:16]} 14. b4 {[%clk 1:11:04]} 14... Nce4 {[%clk
1:10:25]} 15. Nd4 15... Nxf2 {[%clk 0:40:26]} 16. Nf5 {[%clk 0:25:51]} 16...
Re8 {[%clk 0:39:40]} 17. Re1 {[%clk 0:13:58]} 17... N2e4 {[%clk 0:35:01]} 18.
Nxe4 {[%clk 0:12:30]} 18... Nxe4 {[%clk 0:28:36]} 19. Bh3 {[%clk 0:10:31]}
19... Qxc4 {[%clk 0:26:48]} 20. Qxc4 {[%clk 0:07:19]} 20... dxc4 { [%clk
0:27:16]} 21. Nxe7+ {[%clk 0:04:54]} 21... Rxe7 {[%clk 0:27:44]} 22. Ra2 {[%clk
0:04:05]} 22... Rae8 {[%clk 0:26:18]} 23. Rae2 {[%clk 0:03:58]} 23... f6 {[%clk
0:17:28]} 24. Bf4 {[%clk 0:01:13]} 24... Kf7 {[%clk 0:16:20]} 25. b5 { [%clk
0:00:44]} 25... Nc3 {[%clk 0:15:10]} 26. Rxe7+ {[%clk 0:00:37]} 26... Rxe7
{[%clk 0:15:38]} 27. Rxe7+ {[%clk 0:00:42]} 27... Kxe7 {[%clk 0:16:06]} 28. Bf1
{[%clk 0:00:44]} 28... Bd5 {[%clk 0:13:50]} 29. a4 {[%clk 0:30:35]} 29... Nxa4
{[%clk 0:44:18]} 30. Bb8 {[%clk 0:31:02]} 30... c3 {[%clk 0:44:41]} 0-1

[Event "DEM U18 2018"]
[Site "Willingen GER"]
[Date "2018.05.20"]
[Round "2"]
[White "Ewert, Hannes"]
[Black "Nothnagel, Marian Can"]
[Result "0-1"]
[Termination "normal"]
[Board "3"]
[WhiteTitle "FM"]
[WhiteElo "2312"]
[BlackElo "2317"]
[WhiteClock "00:09:27"]
[BlackClock "00:29:01"]
[PlyCount "94"]
[WhiteFideId "12961574"]
[BlackFideId "12921530"]
[EventCountry "GER"]
[EventRounds "9"]
[EventType "swiss"]
[EventDate "2018.05.19"]

1. d4 {[%clk 1:30:54]} 1... Nf6 {[%clk 1:30:50]} 2. Nf3 {[%clk 1:31:10]} 2...
g6 {[%clk 1:31:14]} 3. g3 {[%clk 1:31:30]} 3... Bg7 {[%clk 1:31:37]} 4. Bg2 {
[%clk 1:31:55]} 4... O-O {[%clk 1:32:00]} 5. O-O {[%clk 1:32:10]} 5... d6 {
[%clk 1:32:11]} 6. b3 {[%clk 1:32:24]} 6... Nbd7 {[%clk 1:30:44]} 7. Bb2 {
[%clk 1:32:16]} 7... e5 {[%clk 1:26:07]} 8. dxe5 {[%clk 1:30:42]} 8... Ng4 {
[%clk 1:21:22]} 9. c4 {[%clk 1:30:08]} 9... Ngxe5 {[%clk 1:21:10]} 10. Nxe5 {
[%clk 1:30:28]} 10... dxe5 {[%clk 1:20:29]} 11. Nc3 {[%clk 1:29:48]} 11... c6 {
[%clk 1:10:59]} 12. Qc1 {[%clk 1:22:38]} 12... Qc7 {[%clk 1:07:18]} 13. Rd1 {
[%clk 1:19:39]} 13... Nf6 {[%clk 1:04:25]} 14. Ba3 {[%clk 1:13:16]} 14... Rd8 {
[%clk 1:04:42]} 15. Rxd8+ {[%clk 1:05:19]} 15... Qxd8 {[%clk 1:05:05]} 16. h3 {
[%clk 1:04:14]} 16... Be6 {[%clk 1:04:42]} 17. Qe3 {[%clk 1:03:09]} 17... Qd4 {
[%clk 0:59:05]} 18. Bc5 {[%clk 1:03:12]} 18... Qxe3 19. Bxe3 {[%clk 1:03:41]}
19... Bf8 {[%clk 0:58:17]} 20. Rd1 Bb4 21. Na4 {[%clk 0:58:02]} 21... Nd7 {
[%clk 0:53:49]} 22. Nb2 {[%clk 0:51:30]} 22... Kf8 {[%clk 0:51:33]} 23. Nd3 {
[%clk 0:50:43]} 23... Be7 {[%clk 0:48:02]} 24. f4 {[%clk 0:38:39]} 24... f6 {
[%clk 0:47:10]} 25. fxe5 {[%clk 0:35:48]} 25... fxe5 {[%clk 0:47:30]} 26. Rf1+
{[%clk 0:33:21]} 26... Ke8 {[%clk 0:47:46]} 27. Kh2 {[%clk 0:32:02]} 27... a5 {
[%clk 0:46:39]} 28. Rc1 {[%clk 0:26:15]} 28... Kd8 {[%clk 0:30:57]} 29. Bd2 {
[%clk 0:20:29]} 29... Kc7 {[%clk 0:29:29]} 30. Bc3 {[%clk 0:19:31]} 30... Bf6 {
[%clk 0:25:25]} 31. Rf1 {[%clk 0:17:54]} 31... Bh8 {[%clk 0:25:20]} 32. e4 {
[%clk 0:07:31]} 32... a4 {[%clk 0:23:46]} 33. Bb2 {[%clk 0:05:47]} 33... c5 {
[%clk 0:17:51]} 34. h4 {[%clk 0:04:29]} 34... b5 {[%clk 0:10:06]} 35. Bh3 {
[%clk 0:02:02]} 35... Bxh3 {[%clk 0:10:27]} 36. Kxh3 {[%clk 0:02:32]} 36...
axb3 {[%clk 0:09:19]} 37. axb3 37... bxc4 {[%clk 0:09:41]} 38. bxc4 { [%clk
0:03:27]} 38... Kd6 {[%clk 0:09:27]} 39. Rf7 {[%clk 0:01:50]} 39... h5 { [%clk
0:09:01]} 40. Bc1 {[%clk 0:01:03]} 40... Nf6 {[%clk 0:05:47]} 41. Nf2 { [%clk
0:19:17]} 41... Ra2 {[%clk 0:35:14]} 42. Be3 {[%clk 0:19:29]} 42... Re2 { [%clk
0:34:44]} 43. Nd1 {[%clk 0:16:07]} 43... Ng4 {[%clk 0:34:22]} 44. Bf2 { [%clk
0:12:30]} 44... Bf6 {[%clk 0:33:04]} 45. Bg1 {[%clk 0:11:05]} 45... Re1 { [%clk
0:31:31]} 46. Ne3 {[%clk 0:10:36]} 46... Ke6 {[%clk 0:28:41]} 47. Rxf6+ { [%clk
0:09:27]} 47... Nxf6 {[%clk 0:29:01]} 0-1

[Event "DEM U18 2018"]
[Site "Willingen GER"]
[Date "2018.05.20"]
[Round "2"]
[White "Pallas, Sebastian"]
[Black "Reuker, Jari"]
[Result "1/2-1/2"]
[Termination "normal"]
[Board "4"]
[WhiteElo "2291"]
[BlackElo "2338"]
[WhiteClock "00:01:44"]
[BlackClock "00:02:19"]
[PlyCount "81"]
[WhiteFideId "12905453"]
[BlackFideId "12909300"]
[EventCountry "GER"]
[EventRounds "9"]
[EventType "swiss"]
[EventDate "2018.05.19"]

1. e4 {[%clk 1:30:55]} 1... e5 {[%clk 1:30:52]} 2. Nf3 {[%clk 1:30:54]} 2...
Nc6 {[%clk 1:31:16]} 3. d4 {[%clk 1:30:52]} 3... exd4 {[%clk 1:31:40]} 4. Nxd4
{[%clk 1:31:16]} 4... Nf6 {[%clk 1:32:04]} 5. Nxc6 {[%clk 1:29:15]} 5... bxc6 {
[%clk 1:32:13]} 6. Qe2 {[%clk 1:25:45]} 6... Bb4+ {[%clk 1:32:34]} 7. c3 {
[%clk 1:23:55]} 7... Bc5 {[%clk 1:32:58]} 8. e5 {[%clk 1:22:15]} 8... Nd5 {
[%clk 1:33:20]} 9. c4 {[%clk 1:21:59]} 9... Nb6 {[%clk 1:33:42]} 10. g3 { [%clk
1:15:06]} 10... O-O {[%clk 1:26:07]} 11. Bg2 {[%clk 1:03:52]} 11... Ba6 { [%clk
1:12:19]} 12. b3 {[%clk 0:54:36]} 12... d5 {[%clk 1:10:14]} 13. O-O { [%clk
0:50:58]} 13... dxc4 14. Nd2 {[%clk 0:32:55]} 14... Qd4 {[%clk 0:42:01]} 15.
Rb1 {[%clk 0:31:42]} 15... c3 {[%clk 0:33:32]} 16. Qxa6 {[%clk 0:32:05]} 16...
cxd2 {[%clk 0:33:55]} 17. Bb2 {[%clk 0:31:58]} 17... Qg4 {[%clk 0:26:49]} 18.
Rbd1 {[%clk 0:26:21]} 18... Rad8 {[%clk 0:26:44]} 19. Bc3 {[%clk 0:24:11]}
19... Nd5 {[%clk 0:24:25]} 20. Bxd5 {[%clk 0:21:39]} 20... cxd5 {[%clk 0:22:35]
} 21. Rxd2 {[%clk 0:21:31]} 21... Bb6 {[%clk 0:17:16]} 22. Rfd1 {[%clk 0:19:37]
} 22... c6 {[%clk 0:15:55]} 23. Qe2 {[%clk 0:14:22]} 23... Qxe2 {[%clk 0:11:43]
} 24. Rxe2 {[%clk 0:14:49]} 24... Rfe8 {[%clk 0:12:06]} 25. Red2 { [%clk
0:13:17]} 25... Kf8 {[%clk 0:10:21]} 26. b4 {[%clk 0:12:31]} 26... Ke7 { [%clk
0:08:18]} 27. Bd4 {[%clk 0:06:37]} 27... Ke6 {[%clk 0:07:16]} 28. f4 { [%clk
0:05:05]} 28... h5 {[%clk 0:05:32]} 29. Kf2 {[%clk 0:04:22]} 29... Rd7 { [%clk
0:05:00]} 30. Ke3 {[%clk 0:02:56]} 30... g6 {[%clk 0:04:16]} 31. Rc2 { [%clk
0:02:42]} 31... Rc7 {[%clk 0:04:15]} 32. Rdc1 {[%clk 0:03:01]} 32... Kd7 {[%clk
0:03:21]} 33. b5 {[%clk 0:01:43]} 33... cxb5 {[%clk 0:02:30]} 34. Bxb6 { [%clk
0:02:05]} 34... Rxc2 {[%clk 0:02:56]} 35. Rxc2 {[%clk 0:02:32]} 35... axb6
{[%clk 0:03:20]} 36. Kd4 {[%clk 0:02:57]} 36... Ra8 {[%clk 0:02:23]} 37. Kxd5
{[%clk 0:03:07]} 37... Ra3 {[%clk 0:02:10]} 38. Rb2 {[%clk 0:03:07]} 38... Rd3+
{[%clk 0:01:42]} 39. Ke4 {[%clk 0:03:30]} 39... Ra3 {[%clk 0:02:04]} 40. Rxb5
{[%clk 0:01:38]} 40... Rxa2 {[%clk 0:02:19]} 41. Rxb6 {[%clk 0:01:44]} 1/2-1/2

[Event "DEM U18 2018"]
[Site "Willingen GER"]
[Date "2018.05.20"]
[Round "2"]
[White "Kololli, Martin"]
[Black "Polster, Christian"]
[Result "1/2-1/2"]
[Termination "normal"]
[Board "5"]
[BlackTitle "FM"]
[WhiteElo "2336"]
[BlackElo "2289"]
[WhiteClock "00:03:02"]
[BlackClock "00:41:15"]
[PlyCount "112"]
[WhiteFideId "12936910"]
[BlackFideId "12965081"]
[EventCountry "GER"]
[EventRounds "9"]
[EventType "swiss"]
[EventDate "2018.05.19"]

1. f4 {[%clk 1:30:54]} 1... d5 {[%clk 1:30:52]} 2. Nf3 {[%clk 1:31:19]} 2... g6
{[%clk 1:31:12]} 3. g3 {[%clk 1:31:44]} 3... Bg7 {[%clk 1:31:38]} 4. Bg2 {
[%clk 1:32:09]} 4... Nh6 {[%clk 1:31:51]} 5. O-O {[%clk 1:30:50]} 5... O-O 6.
d3 {[%clk 1:29:02]} 6... d4 {[%clk 1:32:30]} 7. c3 {[%clk 1:25:52]} 7... c5 {
[%clk 1:32:45]} 8. Qe1 {[%clk 1:24:59]} 8... Nc6 {[%clk 1:31:52]} 9. Na3 {
[%clk 1:24:06]} 9... Rb8 {[%clk 1:29:48]} 10. Nc2 {[%clk 1:21:26]} 10... Nf5 {
[%clk 1:23:02]} 11. Bd2 {[%clk 1:08:54]} 11... Qb6 {[%clk 1:16:39]} 12. Rb1 {
[%clk 1:01:17]} 12... c4 {[%clk 1:15:58]} 13. Ncxd4 {[%clk 0:49:24]} 13...
Nfxd4 {[%clk 1:13:35]} 14. cxd4 {[%clk 0:46:11]} 14... Nxd4 {[%clk 1:10:09]}
15. Nxd4 {[%clk 0:42:58]} 15... Qxd4+ {[%clk 1:10:09]} 16. Kh1 {[%clk 0:43:01]}
16... cxd3 {[%clk 1:07:24]} 17. Bc3 17... Qe3 {[%clk 1:05:39]} 18. exd3 { [%clk
0:38:20]} 18... Qxe1 {[%clk 1:05:20]} 19. Rfxe1 {[%clk 0:38:39]} 19... Be6
{[%clk 1:04:32]} 20. Bxg7 {[%clk 0:38:19]} 20... Kxg7 {[%clk 1:04:55]} 21. d4
{[%clk 0:37:45]} 21... Rfd8 {[%clk 1:02:10]} 22. d5 {[%clk 0:37:45]} 22... Bf5
{[%clk 1:02:10]} 23. Rbc1 {[%clk 0:37:45]} 23... Rbc8 {[%clk 1:02:10]} 24. Kg1
{[%clk 0:37:45]} 24... Kf8 {[%clk 1:02:10]} 25. Kf2 {[%clk 0:37:45]} 25... b6
{[%clk 1:02:10]} 26. Ke3 {[%clk 0:28:36]} 26... Ke8 {[%clk 0:56:07]} 27. Bf3
{[%clk 0:26:23]} 27... h5 {[%clk 0:54:54]} 28. h4 {[%clk 0:21:36]} 28... Kd7 {
[%clk 0:54:13]} 29. Kd4 {[%clk 0:19:56]} 29... Kd6 {[%clk 0:53:59]} 30. b4 {
[%clk 0:06:18]} 30... Rxc1 {[%clk 0:49:35]} 31. Rxc1 {[%clk 0:06:41]} 31... Bc8
{[%clk 0:48:58]} 32. Rc3 {[%clk 0:05:17]} 32... Bb7 {[%clk 0:47:24]} 33. Be4 {
[%clk 0:03:32]} 33... a6 {[%clk 0:45:26]} 34. Ke3 {[%clk 0:03:14]} 34... Rg8 {
[%clk 0:45:26]} 35. Kd4 {[%clk 0:03:14]} 35... f6 {[%clk 0:45:26]} 36. Bf3 {
[%clk 0:03:14]} 36... g5 {[%clk 0:45:26]} 37. hxg5 {[%clk 0:03:14]} 37... fxg5
{[%clk 0:45:26]} 38. Bxh5 {[%clk 0:03:14]} 38... gxf4 {[%clk 0:45:26]} 39. gxf4
{[%clk 0:03:14]} 39... Rf8 {[%clk 0:45:26]} 40. Ke3 {[%clk 0:03:14]} 40... Bxd5
{[%clk 0:45:26]} 41. a3 {[%clk 0:03:14]} 41... Rh8 {[%clk 1:10:23]} 42. Be2 {
[%clk 0:28:46]} 42... a5 {[%clk 1:07:54]} 43. Rd3 {[%clk 0:22:27]} 43... e6 {
[%clk 1:04:58]} 44. bxa5 {[%clk 0:15:03]} 44... bxa5 {[%clk 1:05:22]} 45. f5 {
[%clk 0:10:49]} 45... Rh3+ {[%clk 0:51:59]} 46. Kf4 {[%clk 0:10:28]} 46... e5+
{[%clk 0:47:12]} 47. Kg5 {[%clk 0:10:35]} 47... Rxd3 {[%clk 0:47:35]} 48. Bxd3
{[%clk 0:11:01]} 48... e4 {[%clk 0:47:45]} 49. Ba6 {[%clk 0:00:52]} 49... Ke5 {
[%clk 0:46:45]} 50. Kg6 {[%clk 0:01:03]} 50... Kd4 {[%clk 0:41:16]} 51. f6 {
[%clk 0:01:23]} 51... Kc3 {[%clk 0:41:30]} 52. a4 {[%clk 0:01:22]} 52... Kb4 {
[%clk 0:39:40]} 53. Bb5 {[%clk 0:01:44]} 53... e3 {[%clk 0:40:02]} 54. f7 {
[%clk 0:02:11]} 54... Bxf7+ {[%clk 0:40:26]} 55. Kxf7 {[%clk 0:02:36]} 55... e2
{[%clk 0:40:49]} 56. Bxe2 {[%clk 0:03:02]} 56... Kxa4 {[%clk 0:41:15]} 1/2-1/2

[Event "DEM U18 2018"]
[Site "Willingen GER"]
[Date "2018.05.20"]
[Round "2"]
[White "Schmidek, Emil"]
[Black "Herbrig, Alexander"]
[Result "1/2-1/2"]
[Termination "normal"]
[Board "6"]
[WhiteTitle "FM"]
[WhiteElo "2395"]
[BlackElo "2270"]
[WhiteClock "00:01:02"]
[BlackClock "00:05:47"]
[PlyCount "79"]
[WhiteFideId "12908150"]
[BlackFideId "12952044"]
[EventCountry "GER"]
[EventRounds "9"]
[EventType "swiss"]
[EventDate "2018.05.19"]

1. e4 {[%clk 1:30:57]} 1... c5 {[%clk 1:30:54]} 2. Nf3 {[%clk 1:31:23]} 2...
Nc6 {[%clk 1:31:20]} 3. d4 {[%clk 1:31:49]} 3... cxd4 {[%clk 1:31:45]} 4. Nxd4
{[%clk 1:32:15]} 4... g6 {[%clk 1:32:08]} 5. c4 {[%clk 1:32:39]} 5... Bg7 {
[%clk 1:32:33]} 6. Be3 {[%clk 1:33:06]} 6... Qb6 {[%clk 1:32:57]} 7. Nb3 {
[%clk 1:28:31]} 7... Qd8 {[%clk 1:31:19]} 8. Nc3 {[%clk 1:28:16]} 8... Nf6 {
[%clk 1:30:35]} 9. Be2 {[%clk 1:28:30]} 9... d6 {[%clk 1:30:41]} 10. O-O {
[%clk 1:28:22]} 10... a5 {[%clk 1:30:37]} 11. Nd4 {[%clk 1:27:33]} 11... O-O {
[%clk 1:27:48]} 12. Qd2 {[%clk 1:22:59]} 12... a4 {[%clk 1:21:11]} 13. Rab1 {
[%clk 1:22:15]} 13... Qa5 {[%clk 1:11:46]} 14. f3 {[%clk 1:17:28]} 14... Nxd4 {
[%clk 0:55:24]} 15. Bxd4 {[%clk 1:17:24]} 15... Be6 {[%clk 0:55:37]} 16. b3 {
[%clk 1:11:35]} 16... axb3 {[%clk 0:53:25]} 17. axb3 {[%clk 1:11:53]} 17... Nd7
{[%clk 0:47:55]} 18. Bxg7 {[%clk 1:08:19]} 18... Kxg7 {[%clk 0:47:08]} 19. f4
19... f5 {[%clk 0:38:50]} 20. Bf3 {[%clk 1:07:07]} 20... fxe4 {[%clk 0:32:50]}
21. Bxe4 {[%clk 1:05:16]} 21... Bf5 {[%clk 0:30:25]} 22. Qd4+ {[%clk 1:01:51]}
22... e5 {[%clk 0:27:29]} 23. fxe5 {[%clk 0:53:36]} 23... dxe5 {[%clk 0:26:59]}
24. Qe3 {[%clk 0:53:17]} 24... Qc5 {[%clk 0:25:00]} 25. Rfe1 {[%clk 0:53:18]}
25... Rfe8 {[%clk 0:21:31]} 26. Rbd1 {[%clk 0:49:51]} 26... Qxe3+ { [%clk
0:18:49]} 27. Rxe3 {[%clk 0:50:14]} 27... Nc5 {[%clk 0:13:28]} 28. Bxf5 { [%clk
0:48:25]} 28... gxf5 {[%clk 0:13:55]} 29. b4 {[%clk 0:48:38]} 29... f4 { [%clk
0:12:59]} 30. Rh3 {[%clk 0:48:28]} 30... Ne6 {[%clk 0:11:06]} 31. Rd7+ { [%clk
0:43:56]} 31... Kg6 {[%clk 0:11:13]} 32. Rdxh7 {[%clk 0:38:47]} 32... Ng5
{[%clk 0:10:44]} 33. R3h6+ {[%clk 0:29:29]} 33... Kf5 {[%clk 0:11:02]} 34. Rh5
{[%clk 0:26:40]} 34... Ra1+ {[%clk 0:06:31]} 35. Kf2 {[%clk 0:27:07]} 35... Ra3
{[%clk 0:06:19]} 36. Ne2 {[%clk 0:05:50]} 36... Kg6 {[%clk 0:04:37]} 37. R5h6+
{[%clk 0:05:42]} 37... Kf5 {[%clk 0:05:06]} 38. Rh5 {[%clk 0:05:48]} 38... Kg6
{[%clk 0:05:24]} 39. R5h6+ {[%clk 0:01:17]} 39... Kf5 {[%clk 0:05:47]} 40. Rh5
{[%clk 0:01:02]} 1/2-1/2

[Event "DEM U18 2018"]
[Site "Willingen GER"]
[Date "2018.05.20"]
[Round "2"]
[White "Rieß, Alexander"]
[Black "Buckels, Valentin"]
[Result "1-0"]
[Termination "normal"]
[Board "7"]
[WhiteTitle "FM"]
[BlackTitle "FM"]
[WhiteElo "2279"]
[BlackElo "2340"]
[WhiteClock "00:03:17"]
[BlackClock "00:03:35"]
[PlyCount "125"]
[WhiteFideId "12953326"]
[BlackFideId "12942766"]
[EventCountry "GER"]
[EventRounds "9"]
[EventType "swiss"]
[EventDate "2018.05.19"]

1. d4 {[%clk 1:30:58]} 1... Nf6 {[%clk 1:30:51]} 2. Nf3 {[%clk 1:31:20]} 2...
e6 {[%clk 1:31:02]} 3. e3 {[%clk 1:31:04]} 3... b6 {[%clk 1:28:13]} 4. Bd3 {
[%clk 1:31:23]} 4... Bb7 {[%clk 1:28:32]} 5. O-O {[%clk 1:31:31]} 5... Be7 {
[%clk 1:28:28]} 6. c4 {[%clk 1:31:48]} 6... O-O {[%clk 1:27:32]} 7. Nc3 { [%clk
1:31:59]} 7... d5 {[%clk 1:25:51]} 8. cxd5 {[%clk 1:31:51]} 8... exd5 { [%clk
1:26:05]} 9. b3 {[%clk 1:31:37]} 9... Nbd7 {[%clk 1:23:31]} 10. Bb2 { [%clk
1:28:44]} 10... Ne4 {[%clk 1:20:18]} 11. Qc2 {[%clk 1:26:43]} 11... Ndf6 {[%clk
1:18:20]} 12. Ne5 {[%clk 1:23:13]} 12... c5 {[%clk 1:15:03]} 13. dxc5 { [%clk
1:21:27]} 13... Nxc5 {[%clk 1:08:13]} 14. Bf5 {[%clk 1:19:00]} 14... Ne6 {[%clk
1:01:54]} 15. Rfd1 {[%clk 1:09:53]} 15... Qc7 {[%clk 0:56:10]} 16. Ng4 16...
Nxg4 {[%clk 0:46:12]} 17. Bxg4 {[%clk 1:05:14]} 17... Bf6 18. Rac1 { [%clk
1:01:46]} 18... Rac8 {[%clk 0:38:54]} 19. Qe2 {[%clk 0:54:32]} 19... Qd7 {[%clk
0:30:45]} 20. Nxd5 {[%clk 0:41:42]} 20... Bxd5 {[%clk 0:25:29]} 21. Rxc8 {[%clk
0:41:19]} 21... Rxc8 {[%clk 0:25:15]} 22. Bxf6 {[%clk 0:18:14]} 22... gxf6
{[%clk 0:16:00]} 23. e4 {[%clk 0:13:17]} 23... Bc4 {[%clk 0:10:34]} 24. bxc4
{[%clk 0:12:08]} 24... Qa4 {[%clk 0:10:54]} 25. Bxe6 {[%clk 0:09:13]} 25...
fxe6 {[%clk 0:11:23]} 26. h4 {[%clk 0:07:56]} 26... Kh8 {[%clk 0:05:44]} 27.
Qf3 {[%clk 0:06:40]} 27... Kg7 {[%clk 0:05:10]} 28. Qg4+ {[%clk 0:05:35]} 28...
Kh8 {[%clk 0:05:33]} 29. Rd3 {[%clk 0:05:12]} 29... Qxc4 {[%clk 0:03:48]} 30.
Rd7 {[%clk 0:03:25]} 30... Qc1+ {[%clk 0:02:04]} 31. Kh2 {[%clk 0:03:45]} 31...
Rg8 {[%clk 0:02:33]} 32. Qf3 {[%clk 0:03:26]} 32... Qh6 {[%clk 0:02:25]} 33. g3
{[%clk 0:03:24]} 33... Rg7 {[%clk 0:02:18]} 34. Rd8+ {[%clk 0:02:06]} 34... Rg8
{[%clk 0:02:47]} 35. Rd6 {[%clk 0:01:47]} 35... Re8 {[%clk 0:02:35]} 36. Rd7
{[%clk 0:01:59]} 36... a5 {[%clk 0:02:49]} 37. Rb7 {[%clk 0:02:07]} 37... Qf8
{[%clk 0:01:47]} 38. Rxb6 {[%clk 0:02:09]} 38... Qe7 {[%clk 0:01:41]} 39. Qg4
{[%clk 0:01:52]} 39... Qc5 {[%clk 0:01:09]} 40. Rb2 {[%clk 0:01:22]} 40... Qd4
{[%clk 0:01:04]} 41. Qe2 {[%clk 0:28:06]} 41... Rd8 {[%clk 0:28:01]} 42. Kg2
{[%clk 0:23:33]} 42... a4 {[%clk 0:25:14]} 43. Rb7 {[%clk 0:23:00]} 43... Rd7
{[%clk 0:24:40]} 44. Rb8+ {[%clk 0:19:19]} 44... Rd8 {[%clk 0:25:09]} 45. Rxd8+
{[%clk 0:14:04]} 45... Qxd8 {[%clk 0:25:38]} 46. Qb5 {[%clk 0:14:18]} 46... Qa8
{[%clk 0:23:02]} 47. f3 {[%clk 0:12:11]} 47... Kg8 {[%clk 0:22:42]} 48. h5
{[%clk 0:11:53]} 48... Kf8 {[%clk 0:14:08]} 49. Qc5+ {[%clk 0:07:22]} 49... Ke8
{[%clk 0:13:14]} 50. Qc3 {[%clk 0:06:45]} 50... Qd8 {[%clk 0:03:54]} 51. Qc6+
{[%clk 0:06:16]} 51... Kf7 {[%clk 0:03:43]} 52. Qxa4 {[%clk 0:05:57]} 52...
Qd2+ {[%clk 0:04:02]} 53. Kh3 {[%clk 0:06:16]} 53... Qd3 {[%clk 0:04:23]} 54.
Qb3 54... Qf1+ {[%clk 0:04:48]} 55. Kg4 {[%clk 0:05:25]} 55... Qc1 { [%clk
0:04:54]} 56. Qb5 {[%clk 0:04:19]} 56... Qc8 {[%clk 0:04:11]} 57. a4 { [%clk
0:03:40]} 57... e5+ {[%clk 0:03:55]} 58. Kh4 {[%clk 0:03:53]} 58... Qc1 { [%clk
0:04:19]} 59. Qd7+ {[%clk 0:03:41]} 59... Kg8 {[%clk 0:02:46]} 60. Qe8+ { [%clk
0:03:33]} 60... Kg7 {[%clk 0:03:14]} 61. Qe7+ {[%clk 0:03:42]} 61... Kg8 {[%clk
0:03:39]} 62. Qxf6 {[%clk 0:03:51]} 62... h6 {[%clk 0:03:35]} 63. a5 { [%clk
0:03:17]} 1-0

[Event "DEM U18 2018"]
[Site "Willingen GER"]
[Date "2018.05.20"]
[Round "2"]
[White "Schneider, Jana"]
[Black "Oberhofer, Cédric"]
[Result "1/2-1/2"]
[Termination "normal"]
[Board "8"]
[WhiteTitle "FM"]
[WhiteElo "2214"]
[BlackElo "2158"]
[WhiteClock "00:48:25"]
[BlackClock "00:21:31"]
[PlyCount "57"]
[WhiteFideId "12924997"]
[BlackFideId "12941220"]
[EventCountry "GER"]
[EventRounds "9"]
[EventType "swiss"]
[EventDate "2018.05.19"]

1. e4 {[%clk 1:30:57]} 1... c5 {[%clk 1:30:51]} 2. Nf3 {[%clk 1:31:20]} 2... d6
{[%clk 1:31:14]} 3. d4 {[%clk 1:31:42]} 3... cxd4 {[%clk 1:31:37]} 4. Nxd4 {
[%clk 1:32:08]} 4... Nf6 {[%clk 1:31:58]} 5. Nc3 {[%clk 1:32:31]} 5... a6 {
[%clk 1:32:24]} 6. Be3 {[%clk 1:32:54]} 6... e5 {[%clk 1:32:16]} 7. Nf3 { [%clk
1:33:16]} 7... Be7 {[%clk 1:30:26]} 8. Bc4 {[%clk 1:33:23]} 8... O-O { [%clk
1:28:54]} 9. O-O {[%clk 1:33:37]} 9... Qc7 {[%clk 1:27:30]} 10. Bb3 { [%clk
1:33:56]} 10... Be6 {[%clk 1:25:22]} 11. Nh4 {[%clk 1:33:38]} 11... Nxe4 {[%clk
1:12:08]} 12. Nxe4 {[%clk 1:32:46]} 12... Bxb3 {[%clk 1:09:32]} 13. cxb3 {[%clk
1:31:29]} 13... Bxh4 {[%clk 1:09:56]} 14. Qxd6 {[%clk 1:31:09]} 14... Qc6
{[%clk 0:58:59]} 15. Qxc6 {[%clk 1:25:55]} 15... Nxc6 {[%clk 0:58:41]} 16. Nd6
{[%clk 1:25:23]} 16... Rab8 {[%clk 0:52:41]} 17. Rac1 {[%clk 1:21:07]} 17...
Nd4 {[%clk 0:45:29]} 18. Bxd4 exd4 19. Rcd1 {[%clk 1:03:13]} 19... Bf6 { [%clk
0:42:22]} 20. Ne4 {[%clk 1:03:03]} 20... Be5 {[%clk 0:38:34]} 21. f4 { [%clk
0:59:30]} 21... Bc7 {[%clk 0:37:51]} 22. Nc5 {[%clk 0:58:45]} 22... Rfd8 {[%clk
0:38:10]} 23. b4 {[%clk 0:57:46]} 23... Rd5 {[%clk 0:31:24]} 24. Rd3 { [%clk
0:53:57]} 24... Bd6 {[%clk 0:28:56]} 25. g3 {[%clk 0:50:41]} 25... h5 { [%clk
0:23:41]} 26. Rfd1 {[%clk 0:48:35]} 26... Bxc5 {[%clk 0:22:47]} 27. bxc5 {[%clk
0:48:58]} 27... Rxc5 {[%clk 0:23:13]} 28. Rxd4 {[%clk 0:49:21]} 28... Rc2
{[%clk 0:21:31]} 29. R1d2 {[%clk 0:48:25]} 1/2-1/2